Countries of Central America by Population - Statistics

General Stats
  • This quiz has been taken 43 times
  • The average score is 5 of 7
Answer Stats
Population Country % Correct
18,295,857 Guatemala
100%
10,084,498 Honduras
87%
6,713,898 Nicaragua
81%
5,146,575 Costa Rica
65%
6,522,834 El Salvador
61%
405,906 Belize
52%
4,392,308 Panama
52%
No matching quizzes found
Score Distribution
Percent of People with Each Score
Percentile by Number Answered
Your Score History
You have not taken this quiz